Outplacement jak přejít z práce do práce
Úrad práce ČR realizuje od júna 2020 celorepublikový projekt Outplacement, ktorý je financovaný z Operačného programu Zamestnanosť. Cielom projektu je zvýšiť adaptabilitu zamestnancov na trhu práce, ktorí kvôli COVID-19, alebo kvôli transformačným zmenám prichádzajú o zamestnanie.
Guardado en:
| Autor principal: | |
|---|---|
| Formato: | Capítulo de libro |
| Lenguaje: | checo |
| Materias: | |
| Etiquetas: |
Sin Etiquetas, Sea el primero en etiquetar este registro!
|
MARC
| LEADER | 00000naa a2200000 4500 | ||
|---|---|---|---|
| 001 | 0277667 | ||
| 005 | 20210803110333.1 | ||
| 041 | 0 | |a cze | |
| 044 | |a CZ | ||
| 245 | 1 | 0 | |a Outplacement |b jak přejít z práce do práce |c Alena Kazdová |
| 520 | |a Úrad práce ČR realizuje od júna 2020 celorepublikový projekt Outplacement, ktorý je financovaný z Operačného programu Zamestnanosť. Cielom projektu je zvýšiť adaptabilitu zamestnancov na trhu práce, ktorí kvôli COVID-19, alebo kvôli transformačným zmenám prichádzajú o zamestnanie. | ||
| 610 | 2 | 0 | |a trh práce |
| 610 | 2 | 0 | |a pandémia |
| 610 | 2 | 0 | |a nezamestnanosť |
| 610 | 2 | 0 | |a projekty |
| 610 | 2 | 0 | |a podpora zamestnanosti |
| 610 | 2 | 0 | |a Česko |
| 100 | 1 | |a Kazdová, Alena | |